El protestantismo
Saved in:
| Main Author: | |
|---|---|
| Format: | Book |
| Language: | Spanish |
| Published: |
Andorra la Vieja
Casal i Vall
1960
|
| Series: | Yo Sé-Yo Creo, la Enciclopedia del Católico en el Siglo XX, 137
|
| Subjects: | |
| Tags: |
Add Tag
No Tags, Be the first to tag this record!
|
MARC
| LEADER | 00000cam a2200000 a 4500 | ||
|---|---|---|---|
| 001 | UCL3476 | ||
| 003 | CL-VaPUC | ||
| 008 | 031128e19600000an |||||||||||||||||spa|d | ||
| 082 | 0 | 4 | |a 280.4 |b TAV |2 21 |
| 100 | 0 | |a Tavard, Georges |e author |9 480762 | |
| 245 | 1 | 3 | |a El protestantismo |
| 300 | |a 139 p | ||
| 942 | |c BK | ||
| 945 | |d 20031128 00:00:00 |a vberengu | ||
| 260 | |a Andorra la Vieja |b Casal i Vall |c 1960 | ||
| 650 | 0 | |a Protestantismo |9 317293 | |
| 650 | 7 | |a MOVIMIENTOS RELIGIOSOS |2 CL-VaPUC |9 346572 | |
| 583 | |a last modification |c 20141006 11:46:42 |k Rodrigo Vera | ||
| 490 | 0 | |a Yo Sé-Yo Creo, la Enciclopedia del Católico en el Siglo XX, 137 | |
| 999 | |c 306512 |d 306510 | ||
| 952 | |0 0 |1 0 |4 0 |6 280_400000000000000_TAV_1960 |7 0 |8 A |9 371552 |a BIBTEO |b BIBTEO |d 2019-11-21 |i 2096315 |o 280.4 TAV 1960 |p 2096315 |r 2025-01-17 |w 2019-11-21 |y BK |k ICR | ||
| 952 | |0 0 |1 0 |3 erb |4 0 |6 280_400000000000000_TAV_1960 |7 0 |8 A |9 371553 |a BIBTEO |b BIBTEO |i 4999339 |l 1 |m 2 |o 280.4 TAV 1960 |p 4999339 |r 2025-01-17 |s 2023-05-24 |w 2019-11-21 |y BK |z Catalogado en:20141009 |k ICR | ||